A textbook of economic theory

Uloženo v:
Podrobná bibliografie
Hlavní autoři: Stonier, Alfred W (Autor), Hague, Douglas C (Autor)
Médium: Kniha
Jazyk:angličtina
Vydáno: Essex Longman 1964
Vydání:3a. ed
Témata:
Tagy: Přidat tag
Žádné tagy, Buďte první, kdo vytvoří štítek k tomuto záznamu!

MARC

LEADER 00000nam a2200000 a 4500
001 UCR8098
003 CL-VaPUC
008 980519e19640000uk |||||||||||||||||eng|d
082 0 4 |a 330.1  |b STO  |2 21 
100 0 |a Stonier, Alfred W  |e author  |9 409777 
700 0 |a Hague, Douglas C  |e author  |9 409778 
245 1 2 |a A textbook of economic theory 
250 |a 3a. ed 
300 |a 574 p 
942 |c BK 
945 |d 19980519 00:00:00  |a lriquelm 
260 |a Essex  |b Longman  |c 1964 
650 0 |a Economía   |9 255568 
650 0 |a Teorías económicas  |9 270968 
650 0 |a Precios   |9 260787 
650 0 |a Oferta y demanda  |9 255571 
650 0 |a Mercado  |9 321497 
650 0 |a Moneda  |9 342365 
650 0 |a Empresas   |9 255569 
650 0 |a Industrias   |9 263688 
650 7 |a INTERESES  |2 CL-VaPUC  |9 358017 
650 0 |a Crecimiento económico   |9 314037 
583 |a last modification  |c 20171121 12:26:44  |k Rodrigo Vera 
999 |c 269663  |d 269661